Les conflits hommes - carnivores autour de la réserve transfrontalière de biosphère du W, nord-Bénin (Record no. 46683)

MARC details
000 -LEADER
fixed length control field 00571nam a22001817a 4500
003 - CONTROL NUMBER IDENTIFIER
control field 0
005 - DATE AND TIME OF LATEST TRANSACTION
control field 20160609165253.0
008 - FIXED-LENGTH DATA ELEMENTS--GENERAL INFORMATION
fixed length control field 100108t xxu||||| |||| 00| 0 eng d
037 ## - SOURCE OF ACQUISITION
Stock number 15422
Source of stock number/acquisition BIBLIO
040 ## - SOURCE DU CATALOGAGE
Original cataloging agency UAC
Language of cataloging F
Transcribing agency EPAC
082 ## - DEWEY DECIMAL CLASSIFICATION NUMBER
Classification number 27.APE/ADJ
100 ## - VEDETTE PRINCIPALE - NOM DE PERSONNE
Personal name Dètongnon Rodrigue Déogracis ADJOUDEME
9 (RLIN) 2656
245 ## - TITLE STATEMENT
Title Les conflits hommes - carnivores autour de la réserve transfrontalière de biosphère du W, nord-Bénin
260 ## - PUBLICATION, DISTRIBUTION, ETC. (IMPRINT)
Place of publication, distribution, etc EPAC
Name of publisher, distributor, etc BIBLIO
Date of publication, distribution, etc 2007-2008
300 ## - PHYSICAL DESCRIPTION
Extent I-58p
Dimensions 29cm
650 ## - SUBJECT ADDED ENTRY--TOPICAL TERM
Topical term or geographic name as entry element AMENAGEMENT PROTECTION ENVIRONNEMNT
9 (RLIN) 2657
942 ## - ADDED ENTRY ELEMENTS (KOHA)
Koha item type Thèse et Memoire
Holdings
Withdrawn status Lost status Damaged status Not for loan Location (home branch) Sublocation or collection (holding branch) Date acquired Source of acquisition Koha issues (times borrowed) Koha full call number Piece designation (barcode) Koha date last seen Copy number Price effective from Koha item type Public note
        Bibliothèque Ecole Polytechnique d'Abomey-Calavi Bibliothèque Ecole Polytechnique d'Abomey-Calavi 08/01/2010 Don   27.APE/ADJ M15422 08/01/2010 3 08/01/2010 Thèse et Memoire 3 Exemplaires dont un exclu du prêt


© 2008, Bibliothèques de l'Université d'Abomey-Calavi

04 BP 789 Cotonou, Tél. : +229 21 36 01 01, Fax : +229 21 35 06 32

Courriel : bu@bu.uac.bj